Инновационная политика: учебник

Opis bibliograficzny
1. autor: Гончаренко Л. П. Людмила Петровна
Korporacja: Российская экономическая академия им. Г. В. Плеханова
Kolejni autorzy: Арутюнов Ю. А. Юрий Артемович
Streszczenie:В учебнике раскрываются роль и место инноваций в общественном развитии, закономерности научно-технического прогресса, процесса создания и освоения новшеств, функции и принципы классификации инноваций, особенности инфраструктуры инновационной деятельности. В книге также рассмотрены основные вопросы современного инновационного законодательства России, его состояние и перспективы развития, возможные направления его совершенствования. Особое место уделено основным аспектам подготовки кадров в инновационной экономике. Для студентов, обучающихся по специальностям «Менеджмент», «Менеджмент организации», «Национальная экономика», магистров по направлению «Экономика» (программа «Финансовая экономика») и «Менеджмент» (программа «Управление интеллектуальной собственностью»), а также преподавателей и аспирантов.
Język:rosyjski
Wydane: Москва, КноРус, 2009
Hasła przedmiotowe:
Format: Książka
KOHA link:https://koha.lib.tpu.ru/cgi-bin/koha/opac-detail.pl?biblionumber=158970

MARC

LEADER 00000nam0a2200000 4500
001 158970
005 20231101222056.0
010 |a 9785390002568  |b (в пер.)  |b 3000 экз. 
021 |a RU  |b 08-93048  |9 08-5451 
035 |a (RuTPU)RU\TPU\book\172413 
090 |a 158970 
100 |a 20081210d2009 m y0rusy5002 ca 
101 0 |a rus 
102 |a RU 
105 |a y j 001zy 
200 1 |a Инновационная политика  |e учебник  |f Л. П. Гончаренко, Ю. А. Арутюнов  |g Российская экономическая академия им. Г. В. Плеханова 
210 |a Москва  |c КноРус  |d 2009 
215 |a 349 с. 
320 |a Библиогр.: с. 343-349. 
330 |a В учебнике раскрываются роль и место инноваций в общественном развитии, закономерности научно-технического прогресса, процесса создания и освоения новшеств, функции и принципы классификации инноваций, особенности инфраструктуры инновационной деятельности. В книге также рассмотрены основные вопросы современного инновационного законодательства России, его состояние и перспективы развития, возможные направления его совершенствования. Особое место уделено основным аспектам подготовки кадров в инновационной экономике. Для студентов, обучающихся по специальностям «Менеджмент», «Менеджмент организации», «Национальная экономика», магистров по направлению «Экономика» (программа «Финансовая экономика») и «Менеджмент» (программа «Управление интеллектуальной собственностью»), а также преподавателей и аспирантов. 
606 1 |a Инновации  |2 stltpush  |3 (RuTPU)RU\TPU\subj\67423  |9 83236 
610 1 |a менеджмент 
610 1 |a инновационная деятельность 
610 1 |a инновационные процессы 
610 1 |a правовое регулирование 
610 1 |a государственное регулирование 
610 1 |a региональная экономика 
610 1 |a предприятия 
610 1 |a инновационные проекты 
610 1 |a инновационная сфера 
610 1 |a зарубежный опыт 
610 1 |a инновационная экономика 
610 1 |a производственные структуры 
610 1 |a интегрированные компании 
610 1 |a практические примеры 
610 1 |a учебники 
686 |a У9(2)0-551я73  |v LBC/SL-A  |2 rubbk 
700 1 |a Гончаренко  |b Л. П.  |g Людмила Петровна  |4 070 
701 1 |a Арутюнов  |b Ю. А.  |g Юрий Артемович  |4 070 
712 0 2 |a Российская экономическая академия им. Г. В. Плеханова  |c (Москва)  |2 stltpush  |3 (RuTPU)RU\TPU\col\18 
801 1 |a RU  |b 63413507  |c 20090430  |g PSBO 
801 2 |a RU  |b 63413507  |c 20120918  |g PSBO 
900 |a Инновационный и стратегический менеджмент 
942 |c BK 
951 |b 080500 
959 |a 57/20090429  |d 1  |e 160,00  |f ЧЗГЛ:1